[Event "Geneve op"]
[Site "Geneve"]
[Date "1996.??.??"]
[Round "2"]
[White "Hobuss, Udo"]
[Black "Gallagher, Joseph G"]
[Result "1/2-1/2"]
[WhiteElo "2360"]
[BlackElo "2525"]

1.d4 Nf6 2.Nf3 g6 3.c4 Bg7 4.Nc3 d6 5.e4 O-O 6.Be2 e5 7.O-O Nc6 8.d5 Ne7
9.Ne1 Nd7 10.Be3 f5 11.f3 f4 12.Bf2 g5 13.a4 Rf6 14.Nd3 Rh6 15.a5 Qe8 16.Be1 Nf6
17.Nf2 Rg6 18.b4 h5 19.h3 Bd7 20.c5 Kh7 21.Ra3 Neg8 22.a6 b6 23.cxb6 cxb6
24.Qd3 Nh6 25.Nb5 Qe7 26.Rc3 g4 27.fxg4 hxg4 28.hxg4 Nfxg4 29.Nxg4 Nxg4 30.Bxg4 Bxb5
31.Qxb5 Rxg4 32.Rff3 Bh6 33.Rc2 Rag8 34.Qf1 Qg5 35.Rh3 Rg7 36.Qf3 Qg6 37.b5 Qe8
38.Qd3 Qg6 39.Qf3 Qe8 40.Qf1 Qg6 41.Qe2 Rxg2+ 42.Qxg2 Qxe4 43.Bg3 Qd4+ 44.Qf2 Qxd5
45.Qd2 Qxb5 46.Kh2 Rxg3 47.Rc7+ Kg6 48.Qc2+ Kg5 49.Rxh6 Kxh6 50.Qh7+ Kg5
51.Rg7+ Kf6 52.Qh6+ Kf5 53.Qh7+ Ke6 54.Qg8+  1/2-1/2

[Event "SBRAM-chA 9697"]
[Site "GER"]
[Date "1996.??.??"]
[Round "?"]
[White "Hoenig, Thomas"]
[Black "Schneiders, Marcus"]
[Result "0-1"]
[WhiteElo "1825"]
[BlackElo "2060"]

1.d4 Nf6 2.c4 g6 3.Nc3 Bg7 4.e4 d6 5.Nf3 O-O 6.Be2 e5 7.O-O Nc6 8.d5 Ne7
9.Ne1 Nd7 10.Nd3 f5 11.b4 a5 12.c5 axb4 13.cxd6 cxd6 14.Nxb4 Nf6 15.Bd3 f4
16.Bd2 g5 17.Nb5 Ng6 18.f3 g4 19.Qe2 g3 20.h3 Ne8 21.Rfc1 Nh4 22.Be1 Qb6+
23.Kh1 Bxh3  0-1

[Event "Oberliga Nord N9697"]
[Site "Germany"]
[Date "1996.??.??"]
[Round "?"]
[White "Knuth, Hannes"]
[Black "Lampe, Dirk"]
[Result "1-0"]
[WhiteElo "2280"]
[BlackElo "2295"]

1.d4 Nf6 2.c4 g6 3.Nc3 Bg7 4.e4 d6 5.Be2 O-O 6.Nf3 e5 7.O-O Nc6 8.d5 Ne7
9.b4 Nh5 10.Re1 h6 11.c5 a5 12.Ba3 Nf4 13.Bf1 Bg4 14.h3 Bxf3 15.Qxf3 axb4
16.Bxb4 f5 17.g3 Nh5 18.Rad1 Kh8 19.cxd6 cxd6 20.a3 fxe4 21.Qxe4 Qb6 22.Qe3 Qd8
23.Nb5 Nf5 24.Qd2 Bf6 25.Nxd6 Bg5 26.Qe2 Nxd6 27.Qxe5+ Rf6 28.h4 Nf7 29.Qd4 Ng7
30.hxg5 Nxg5 31.Bg2 Rf7 32.d6  1-0

[Event "BL2-O9596"]
[Site "Germany"]
[Date "1996.??.??"]
[Round "?"]
[White "Legde, Georg"]
[Black "Voekler, Bernd"]
[Result "0-1"]
[WhiteElo "2235"]
[BlackElo "2375"]

1.d4 Nf6 2.c4 g6 3.Nc3 Bg7 4.e4 d6 5.Be2 O-O 6.Nf3 e5 7.O-O Nc6 8.d5 Ne7
9.Nd2 Ne8 10.b4 a5 11.bxa5 f5 12.a4 Kh8 13.Ba3 Rxa5 14.c5 dxc5 15.Nc4 Ra8
16.Bxc5 Nd6 17.f3 Bd7 18.f4 Nxc4 19.Bxc4 b6 20.Bf2 fxe4 21.fxe5 Nf5 22.Nxe4 Bxe5
23.Ra2 Qe7 24.a5 Qb4 25.Qd3 b5 26.Bc5 bxc4 27.Bxb4 cxd3 28.Bxf8 Bd4+ 29.Kh1 Rxf8
30.g4 Kg7 31.gxf5 Bxf5 32.Rf4 Be3 33.Rxf5 gxf5 34.Nc3 f4 35.Kg2 f3+ 36.Kf1 Rb8
37.a6 d2 38.Ra1 Bd4  0-1

[Event "Oberliga Nord O9596"]
[Site "Germany"]
[Date "1996.??.??"]
[Round "?"]
[White "Baumbach, Friedrich"]
[Black "Knuth, Hannes"]
[Result "1/2-1/2"]
[WhiteElo "2320"]
[BlackElo "2265"]

1.d4 Nf6 2.c4 g6 3.Nc3 Bg7 4.e4 d6 5.Nf3 O-O 6.Be2 e5 7.O-O Nc6 8.Be3 Ng4
9.Bg5 f6 10.Bc1 Nh6 11.h3 Nf7 12.Be3 Bh6 13.Bxh6 Nxh6 14.Qd2 Nf7 15.Rad1 b6
16.Nd5 Kg7 17.b4 a5 18.a3 axb4 19.axb4 Bb7 20.c5 Ne7 21.Nc3 Nc6 22.Nd5 Ne7
23.Nc3 Nc6  1/2-1/2

[Event "Oberliga Nord O9596"]
[Site "Germany"]
[Date "1996.??.??"]
[Round "?"]
[White "Waldmann, Hans Joachim"]
[Black "Knuth, Hannes"]
[Result "1/2-1/2"]
[WhiteElo "2415"]
[BlackElo "2265"]

1.d4 Nf6 2.c4 g6 3.Nc3 Bg7 4.e4 d6 5.Nf3 O-O 6.Be2 e5 7.O-O Nc6 8.d5 Ne7
9.Ne1 Ne8 10.Be3 f5 11.f3 f4 12.Bf2 g5 13.c5 Rf6 14.cxd6 cxd6 15.Rc1 Rg6
16.Nb5 a6 17.Nc7 Nxc7 18.Bb6 Qe8 19.Rxc7 Rh6 20.Kh1 Ng6 21.Bg1 Nf8 22.Qc2 Nd7
23.Nd3 Nf6 24.Rc1 Bd7 25.Nf2 Nh5 26.h3 Rf6 27.Rxb7 Rc8 28.Bc4 Rf7 29.Rb6 Bb5
30.Rc6 Bxc6 31.dxc6 Qxc6 32.Bxf7+ Kxf7 33.Qb3+ Qc4 34.Rxc4 Ng3+ 35.Kh2  1/2-1/2

[Event "BL2-S9596"]
[Site "Germany"]
[Date "1996.??.??"]
[Round "?"]
[White "Fritsch, Rolf"]
[Black "Kistner, Klaus"]
[Result "0-1"]
[WhiteElo "2200"]
[BlackElo "2225"]

1.d4 Nf6 2.c4 g6 3.Nf3 Bg7 4.Nc3 O-O 5.e4 d6 6.Be2 e5 7.O-O Nc6 8.d5 Ne7
9.Ne1 Nd7 10.Nd3 f5 11.f3 f4 12.Bd2 g5 13.Rc1 Rf7 14.b4 Nf6 15.c5 Ng6 16.Nf2 Bf8
17.cxd6 Bxd6 18.Nb5 Rg7 19.Qb3 h5 20.h3 Nh4 21.Be1 a6 22.Nxd6 cxd6 23.a4 g4
24.hxg4 hxg4 25.fxg4 Bxg4 26.Nxg4 Nxg4 27.Bxg4 Rxg4 28.Qh3 Qg5 29.Bxh4 Rxh4
30.Rc8+ Rxc8 31.Qxc8+ Kh7 32.Rc1 Qf6 33.Rc7+ Kh6 34.Qd7 Qg6 35.Rc8 Rh5 36.Rh8+ Kg5
37.Qe7+ Kg4 38.Qd7+ Kg3 39.Rxh5 Qxh5 40.Qg7+ Qg4 41.Qxg4+ Kxg4 42.Kf2 b6
43.b5 a5 44.Ke2 Kg3 45.Kf1 f3 46.Kg1 Kf4  0-1

[Event "BL2-S9596"]
[Site "Germany"]
[Date "1996.??.??"]
[Round "?"]
[White "Kekelidze, Mikheil"]
[Black "Steinbacher, Matthias"]
[Result "0-1"]
[WhiteElo "2290"]
[BlackElo "2335"]

1.Nf3 Nf6 2.c4 g6 3.Nc3 Bg7 4.e4 d6 5.d4 O-O 6.Be2 e5 7.O-O Nc6 8.d5 Ne7
9.b4 Nh5 10.g3 f5 11.Ng5 Nf6 12.f3 f4 13.Kg2 Ne8 14.c5 a5 15.Qb3 axb4 16.Nb5 Kh8
17.cxd6 Nxd6 18.Nxd6 Qxd6 19.Rd1 Qf6 20.h4 h6 21.Nh3 c5 22.Bb2 Bxh3+ 23.Kxh3 fxg3
24.Qe3 b6 25.Kg2 Kh7 26.Rh1 h5 27.Bb5 Bh6 28.Qe2 Nc8 29.a3 bxa3 30.Bxa3 Nd6
31.Bd3 Rf7 32.Bb2 Rxa1 33.Bxa1 b5 34.Bc3 b4 35.Be1 c4 36.Bb1 b3 37.Rf1 Rc7
38.Bxg3 Bf4 39.Be1 c3 40.Bd3 c2  0-1

[Event "BL2-S9596"]
[Site "Germany"]
[Date "1996.??.??"]
[Round "?"]
[White "Kratochwil, Christian"]
[Black "Kistner, Klaus"]
[Result "0-1"]
[WhiteElo "2340"]
[BlackElo "2225"]

1.d4 Nf6 2.c4 g6 3.Nc3 Bg7 4.e4 d6 5.Be2 O-O 6.Nf3 e5 7.O-O Nc6 8.d5 Ne7
9.Ne1 Nd7 10.Be3 f5 11.f3 f4 12.Bf2 g5 13.a4 Nf6 14.a5 Rf7 15.c5 Bd7 16.cxd6 cxd6
17.Nb5 Bxb5 18.Bxb5 g4 19.Kh1 Ng6 20.fxg4 Nxe4 21.Bd3 Nxf2+ 22.Rxf2 Qh4 23.Kg1 f3
24.Rxf3 Raf8 25.Bf5 e4 26.Bxe4 Ne5 27.Rxf7 Rxf7 28.Bf5 Nxg4 29.Bxh7+ Kxh7
30.Qd3+ Kg8 31.Nf3 Qf2+ 32.Kh1 Qxb2 33.Qb1 Qxa1  0-1

[Event "BL2-S9596"]
[Site "Germany"]
[Date "1996.??.??"]
[Round "?"]
[White "Kratochwil, Christian"]
[Black "Osorios Ortiz, Marcos"]
[Result "0-1"]
[WhiteElo "2340"]
[BlackElo "2265"]

1.c4 Nf6 2.Nc3 g6 3.e4 d6 4.d4 Bg7 5.Be2 O-O 6.Nf3 e5 7.O-O Nc6 8.d5 Ne7
9.b4 a5 10.bxa5 c6 11.Nd2 Qxa5 12.Qc2 Bd7 13.Nb3 Qc7 14.Qd2 b5 15.cxb5 cxb5
16.f3 Nh5 17.Rf2 f5 18.exf5 Nxf5 19.Nxb5 Bxb5 20.Bxb5 e4 21.fxe4 Bxa1 22.exf5 Be5
23.a4 Nf6 24.Qe2 gxf5 25.Rxf5 Kh8 26.Bb2 Ng4 27.Bxe5+ Nxe5 28.Qf2 Rxf5 29.Qxf5 Qg7
30.Nd4 Rf8 31.Qe4 Qh6 32.Ne2 Qd2 33.h3 Qe1+ 34.Kh2 Rf1 35.Ng3 Nf3+  0-1

[Event "BL2-S9596"]
[Site "Germany"]
[Date "1996.??.??"]
[Round "?"]
[White "Raedeker, Bernd"]
[Black "Igney, Volkhard"]
[Result "1-0"]
[WhiteElo "2205"]
[BlackElo "2275"]

1.d4 Nf6 2.Nf3 g6 3.c4 Bg7 4.Nc3 d6 5.e4 O-O 6.Be2 e5 7.O-O Nc6 8.d5 Ne7
9.b4 a5 10.bxa5 Rxa5 11.Nd2 Nd7 12.Nb3 Ra8 13.Be3 f5 14.f3 b6 15.a4 Nc5 16.Nxc5 bxc5
17.Qd2 Kh8 18.Rfb1 c6 19.Bg5 Bf6 20.Bxf6+ Rxf6 21.Ra2 Rf8 22.Rab2 cxd5 23.cxd5 Qc7
24.Bc4 Ng8 25.Rb6 Nf6 26.Rc6 Qe7 27.Qg5 Bb7 28.Rcb6 Bc8 29.h4 Rf7 30.Bb5 Kg7
31.Bc6 h6 32.Qg3 Ra7 33.exf5 g5 34.hxg5 Nh5 35.gxh6+  1-0

[Event "BL2-W9596"]
[Site "Germany"]
[Date "1996.??.??"]
[Round "?"]
[White "Von Gleich, Alexander"]
[Black "Richter, Olav"]
[Result "1-0"]
[WhiteElo "2340"]
[BlackElo "2175"]

1.Nf3 Nf6 2.c4 g6 3.Nc3 Bg7 4.e4 d6 5.d4 O-O 6.Be2 e5 7.O-O Nc6 8.Be3 Re8
9.dxe5 dxe5 10.c5 Be6 11.Bb5 Nh5 12.Qa4 Bg4 13.Bxc6 bxc6 14.Ne1 Bd7 15.Rd1 Qe7
16.Qa5 Rec8 17.Nd3 f5 18.exf5 gxf5 19.Rfe1 Be6 20.Qa4 e4 21.Nb4 Bd7 22.Nxc6 Bxc6
23.Qxc6 Be5 24.Rd7 Qf6 25.Qd5+ Kh8 26.Rf7 Rd8 27.Rxf6 Rxd5 28.Rh6 Bxc3 29.bxc3 Ng7
30.Bd4 Kg8 31.Re3 Rb8 32.h4 Rb1+ 33.Kh2 Rb2 34.Rg3 Rxd4 35.cxd4 Rxf2 36.d5 f4
37.Rg4 e3 38.d6 cxd6 39.cxd6 Rd2 40.Rxf4 e2 41.Re4 Nf5 42.Rhe6 Nd4 43.Re8+ Kf7
44.d7 Nc6 45.Rc8 Rxd7 46.Rxc6  1-0

[Event "Bundesliga 9596"]
[Site "Germany"]
[Date "1996.??.??"]
[Round "?"]
[White "Borik, Otto"]
[Black "Volke, Karsten"]
[Result "1-0"]
[WhiteElo "2400"]
[BlackElo "2470"]

1.d4 Nf6 2.Nf3 g6 3.c4 Bg7 4.Nc3 O-O 5.e4 d6 6.Be2 e5 7.O-O Nc6 8.d5 Ne7
9.Ne1 Nd7 10.Be3 f5 11.f3 f4 12.Bf2 g5 13.a4 Ng6 14.a5 Rf7 15.Nd3 Bf8 16.a6 bxa6
17.Nb4 g4 18.fxg4 Rg7 19.Nc6 Qg5 20.Qe1 Ne7 21.Nxa7 Bb7 22.b4 Qg6 23.Bf3 Nf6
24.Qe2 h5 25.gxh5 Nxh5 26.Rfb1 Rh7 27.b5 Ng3 28.hxg3 fxg3 29.Be3 Rh4 30.Qe1 Bh6
31.bxa6 Bxa6 32.Rxa6 Rf8 33.Bxh6 Rh1+ 34.Kxh1 Qxh6+ 35.Kg1 Rxf3 36.gxf3 Qh2+
37.Kf1 g2+ 38.Ke2 g1=Q+ 39.Kd1 Qd4+ 40.Kc1 Qxc4 41.Nb5 c6 42.dxc6 Nxc6 43.Rb2 Qh3
44.Qg1+  1-0

[Event "Oberliga Ost C9596"]
[Site "Germany"]
[Date "1996.??.??"]
[Round "?"]
[White "Richter, Sergio"]
[Black "Hund, Isabel"]
[Result "1-0"]
[WhiteElo "2200"]
[BlackElo "2085"]

1.d4 Nf6 2.c4 g6 3.Nc3 Bg7 4.e4 d6 5.Nf3 O-O 6.Be2 e5 7.O-O Nc6 8.d5 Ne7
9.Ne1 Ne8 10.Be3 f5 11.f3 f4 12.Bf2 g5 13.g4 fxg3 14.hxg3 Qd7 15.Nd3 Qh3
16.Re1 Ng6 17.c5 g4 18.fxg4 Rxf2 19.Kxf2 Nf6 20.Rh1 Nxg4+ 21.Bxg4 Qxg4 22.Qxg4 Bxg4
23.Kg2 dxc5 24.Nxc5 c6 25.Nd3 Rd8 26.Nf2 Bd7 27.Rad1 Ne7 28.dxc6 Nxc6 29.Nd5 Nd4
30.b3 Kh8 31.Rc1 Nc6 32.Ne3 Rf8 33.Rh2 Nd4 34.Rch1 h6 35.Neg4 Nf3 36.Rh3 Ng5
37.Rh5 Nf7 38.Rd1 Be6 39.Ne3 Kh7 40.Nf5 Bxf5 41.Rxf5 Ng5 42.Rxf8 Bxf8 43.Rd7+ Kg6
44.Rxb7 Bc5 45.Rc7 Bd4 46.Rc6+ Kg7 47.b4 Nf7 48.Ng4  1-0

[Event "Oberliga Ost C9596"]
[Site "Germany"]
[Date "1996.??.??"]
[Round "?"]
[White "Mueller, Achim"]
[Black "Ludwig, Kristin"]
[Result "1/2-1/2"]
[WhiteElo "2205"]
[BlackElo "2065"]

1.Nf3 Nf6 2.c4 g6 3.Nc3 Bg7 4.e4 d6 5.d4 O-O 6.Be2 e5 7.O-O Nc6 8.d5 Ne7
9.Ne1 Nd7 10.Be3 f5 11.f3 f4 12.Bf2 h5 13.a4 g5 14.Nb5 a6 15.Na3 Nf6 16.c5 Ne8
17.Nd3 Kh8 18.Nc4 Ng8 19.Rc1 Ngf6 20.Qc2 Bd7 21.Rfd1 Bh6 22.c6 Bc8 23.cxb7 Bxb7
24.Na5 Bc8 25.Nc6 Qd7 26.b4 Rg8 27.Kh1 g4 28.b5 axb5 29.axb5 g3 30.Be1 gxh2
31.Bf1 Qg7 32.Nf2 h4 33.Kxh2 Qg3+ 34.Kh1 Qg7 35.Kh2 Qg3+ 36.Kh1 Qg7 37.Kh2  1/2-1/2

[Event "BL2-S9697"]
[Site "Germany"]
[Date "1996.??.??"]
[Round "?.4"]
[White "Roth, Juergen"]
[Black "Mandel, Andreas"]
[Result "0-1"]
[WhiteElo "2240"]
[BlackElo "2365"]

1.d4 Nf6 2.c4 g6 3.Nc3 Bg7 4.e4 d6 5.Nf3 O-O 6.Be2 e5 7.O-O Nc6 8.d5 Ne7
9.Ne1 Nd7 10.f3 f5 11.g4 Kh8 12.Nd3 Ng8 13.Be3 Bh6 14.Bf2 Bg5 15.exf5 gxf5
16.f4 exf4 17.Bd4+ Bf6 18.Nxf4 Bxd4+ 19.Qxd4+ Ne5 20.Nd3 Qf6 21.Nxe5 dxe5
22.Qc5 Rf7 23.Kh1 f4 24.Bf3 Bd7 25.Ne4 Qg7 26.Rg1 Nf6 27.Nxf6 Qxf6 28.Rae1 Qd6
29.Qf2 b6 30.Re4 Re8 31.Rge1 Rfe7 32.h3 c6 33.R4e2 cxd5 34.Bxd5 Bc6 35.Bxc6 Qxc6+
36.Re4 Qf6 37.Qf3 Qh4 38.Qc3 Kg8 39.Kg2 h5 40.Rxe5 hxg4 41.hxg4 f3+ 42.Kxf3 Qh3+
43.Kf4 Rf8+ 44.Ke4 Rxe5+ 45.Qxe5 Qf3+  0-1

[Event "BL2-S9697"]
[Site "Germany"]
[Date "1996.??.??"]
[Round "?.5"]
[White "Doettling, Fabian"]
[Black "Duschek, Volker"]
[Result "1/2-1/2"]
[WhiteElo "2300"]
[BlackElo "2235"]

1.d4 Nf6 2.c4 g6 3.Nc3 Bg7 4.e4 d6 5.Nf3 O-O 6.Be2 e5 7.O-O Nc6 8.d5 Ne7
9.Ne1 Nd7 10.f3 f5 11.Be3 f4 12.Bf2 g5 13.Nb5 b6 14.b4 a6 15.Nc3 Ng6 16.Rc1 Rf7
17.Nd3 Bf8 18.c5 Rb8 19.Qc2 Nf6 20.Na4 b5 21.cxd6 cxd6 22.Nb6 Bb7 23.Nb2 h5
24.a4 g4 25.Kh1 g3 26.Bg1 gxh2 27.Bf2 h4 28.axb5 axb5 29.Bxb5 Nh5 30.Kxh2 Ng3
31.Rg1 Rh7 32.Kh3 Nh8 33.Kh2 Ng6 34.Kh3 Nh8 35.Kh2 Ng6  1/2-1/2

[Event "BL2-S9697"]
[Site "Germany"]
[Date "1996.??.??"]
[Round "?.6"]
[White "Raupp, Thomas"]
[Black "Luft, Andreas"]
[Result "0-1"]
[WhiteElo "2360"]
[BlackElo "2285"]

1.d4 Nf6 2.c4 g6 3.Nc3 Bg7 4.e4 d6 5.Nf3 O-O 6.Be2 e5 7.O-O Nc6 8.d5 Ne7
9.Nd2 a5 10.a3 c5 11.Rb1 Ne8 12.b4 axb4 13.axb4 b6 14.bxc5 bxc5 15.Nb3 Kh8
16.Bd2 Ng8 17.Ra1 Rxa1 18.Qxa1 Bh6 19.Bxh6 Nxh6 20.Na5 f5 21.Nc6 Qd7 22.exf5 Nxf5
23.Bg4 Bb7 24.f4 exf4 25.Rxf4 Neg7 26.Bxf5 gxf5 27.Na5 Ra8 28.Rf2 Qe7 29.Re2 Qf6
30.Ra2 Qd4+ 31.Kh1 Bc8 32.Nb5 Qf4 33.Ra3 Bd7 34.Nc6 Rxa3 35.Nxa3 Qe4 36.Kg1 f4
37.Nb5 Qxc4 38.Nxd6  0-1

[Event "BL2-W9697"]
[Site "Germany"]
[Date "1996.??.??"]
[Round "?.2"]
[White "Ziegler, Ari"]
[Black "Kupreichik, Viktor D"]
[Result "1-0"]
[WhiteElo "2460"]
[BlackElo "2510"]

1.d4 Nf6 2.c4 d6 3.Nf3 g6 4.Nc3 Bg7 5.e4 O-O 6.Be2 e5 7.O-O Nc6 8.d5 Ne7
9.Ne1 Ne8 10.Be3 f5 11.f3 h5 12.c5 Kh7 13.cxd6 Nxd6 14.a4 Ng8 15.Nd3 Bh6
16.Bxh6 Nxh6 17.Nxe5 Re8 18.Nc4 fxe4 19.Nxd6 cxd6 20.Nxe4 Bf5 21.Qd4 Bxe4
22.fxe4 Qb6 23.Qxb6 axb6 24.Rac1 Re7 25.e5 dxe5 26.d6 Rg7 27.Bb5 Nf5 28.d7 Rd8
29.Rc8 Rgg8 30.Rxd8 Rxd8 31.Re1 Nd4 32.Rxe5 Nxb5 33.Re7+ Kh6 34.axb5 g5 35.Re6+ Kg7
36.Rd6 Kf7 37.Rd5 h4 38.Kf2 Ke6 39.Rd2 Rxd7 40.Rxd7 Kxd7 41.Kf3 Ke6 42.Ke4 Kf6
43.g4  1-0

[Event "BL2-W9697"]
[Site "Germany"]
[Date "1996.??.??"]
[Round "?.7"]
[White "Molinaroli, Martin"]
[Black "Koscielski, Janusch"]
[Result "0-1"]
[WhiteElo "2265"]
[BlackElo "2185"]

1.d4 Nf6 2.Nf3 g6 3.c4 Bg7 4.Nc3 O-O 5.e4 d6 6.Be2 e5 7.O-O Nc6 8.d5 Ne7
9.Nd2 Nd7 10.b4 f5 11.c5 Nf6 12.f3 f4 13.Nc4 g5 14.a4 Rf7 15.Ba3 Bf8 16.Rc1 Rg7
17.b5 Ng6 18.b6 axb6 19.cxb6 cxb6 20.Rb1 h5 21.Nxb6 Rb8 22.Rb3 g4 23.Nxc8 Rxc8
24.Kh1 Nh4 25.Qe1 Nxg2 26.Kxg2 gxf3+ 27.Kxf3 Ng4 28.Rh1 Qg5 29.Nd1 Nxh2+
30.Rxh2 Qg3+ 31.Qxg3 Rxg3+ 32.Kf2 Rxb3 33.Bb2 Rc2 34.Rxh5 f3 35.Rg5+ Bg7
36.Rg3 Rxe2+ 37.Kf1 Rd2 38.Ke1 Rbxb2 39.Nxb2 Rxb2 40.Rxf3 Rb4 41.a5 Rxe4+
42.Kd2 Rd4+ 43.Kc3 Rxd5 44.Kc4 Rxa5  0-1

[Event "Landesliga S9596 Bayern"]
[Site "Germany"]
[Date "1996.??.??"]
[Round "?"]
[White "Penn, Peter"]
[Black "Bromberger, Stefan"]
[Result "0-1"]
[WhiteElo "1900"]
[BlackElo "2055"]

1.d4 Nf6 2.Nf3 g6 3.c4 Bg7 4.Nc3 O-O 5.e4 d6 6.Be2 e5 7.O-O Nc6 8.d5 Ne7
9.Ne1 Nd7 10.f3 f5 11.g4 Nf6 12.Nd3 f4 13.h4 c6 14.Bd2 b5 15.b3 a5 16.Kg2 b4
17.Na4 cxd5 18.cxd5 Nfxd5 19.exd5 Nxd5 20.Rc1 Qxh4 21.Qe1 Qe7 22.Nf2 Nf6
23.Nb6 Rb8 24.Bc4+ Be6 25.Bxe6+ Qxe6 26.Rc6 Nd5 27.Nc4 Rfd8 28.Ne4 Bf8 29.Ra6 Nc7
30.Rxa5 d5 31.Ng5 Qe7 32.Nxe5 Qxg5 33.Nc6 Re8 34.Qf2 Rb5 35.Rxb5 Nxb5 36.Bxb4 Bxb4
37.Nxb4 h5 38.Qc5 Re2+ 39.Rf2 Rxf2+ 40.Kxf2 Qh4+ 41.Ke2 hxg4 42.Qxd5+ Kg7
43.Qe5+ Kh7 44.Qxf4 Nd4+ 45.Kd3 Nxf3 46.Nd5 Qd8 47.Ke4 Ng5+ 48.Ke5 Qe8+ 49.Kd6 Qe6+
50.Kc5 Qc8+ 51.Kd6 Qa6+ 52.Ke7 Qe6+ 53.Kf8 Qxd5 54.Qh2+ Nh3  0-1

[Event "Landesliga N9596 Bayern"]
[Site "Germany"]
[Date "1996.??.??"]
[Round "?"]
[White "Vodicka, Vlastimil"]
[Black "Eckstein, Bernd"]
[Result "1/2-1/2"]
[WhiteElo "2350"]
[BlackElo "2160"]

1.Nf3 Nf6 2.d4 g6 3.c4 Bg7 4.Nc3 O-O 5.e4 d6 6.Be2 Nc6 7.O-O e5 8.Be3 Bg4
9.d5 Ne7 10.Ne1 Bxe2 11.Qxe2 Nd7 12.Nd3 f5 13.f3 Nf6 14.c5 Nh5 15.Rac1 Nc8
16.Qd2 Rf7 17.Rc2 b6 18.cxb6 axb6 19.Rfc1 Na7 20.a4 Nf6  1/2-1/2

[Event "Landesliga N9596 Bayern"]
[Site "Germany"]
[Date "1996.??.??"]
[Round "?"]
[White "Weinmann, Stefan"]
[Black "Saathoff, Richard"]
[Result "0-1"]
[WhiteElo "1985"]
[BlackElo "2165"]

1.d4 Nf6 2.Nf3 g6 3.c4 Bg7 4.Nc3 O-O 5.e4 d6 6.Be2 e5 7.O-O Nc6 8.h3 exd4
9.Nxd4 Re8 10.Nxc6 bxc6 11.Bd3 Rb8 12.Rb1 Be6 13.Be3 c5 14.Qd2 Nd7 15.b3 Ne5
16.f4 Nxd3 17.Qxd3 f5 18.Rbd1 Kh8 19.Bd2 fxe4 20.Qxe4 Bxh3 21.Qf3 Bd4+ 22.Kh1 Bf5
23.Qg3 c6 24.Rfe1 Rxe1+ 25.Rxe1 Qf8 26.Qh4 Bf6 27.Qg3 Re8 28.Qf3 Rxe1+ 29.Bxe1 Qe8
30.Bd2 Kg8 31.Kg1 Bd4+ 32.Kf1 h5 33.g3 Bh3+  0-1

[Event "Oberliga Nord N9697"]
[Site "Germany"]
[Date "1996.??.??"]
[Round "?"]
[White "Stern, Rene"]
[Black "Trisic, Alexandar"]
[Result "1-0"]
[WhiteElo "2445"]
[BlackElo "2260"]

1.d4 Nf6 2.c4 g6 3.Nc3 Bg7 4.e4 d6 5.Nf3 O-O 6.Be2 e5 7.O-O Nc6 8.d5 Ne7
9.b4 h6 10.Nd2 Nd7 11.a4 f5 12.Ba3 Nf6 13.c5 fxe4 14.Ncxe4 Nxe4 15.Nxe4 Rf4
16.f3 Rf7 17.Bc4 Nf5 18.Re1 Bf8 19.a5 a6 20.c6 b5 21.axb6 cxb6 22.b5 axb5
23.Bxb5 Ra5 24.Nc3 Nd4 25.Bd3 Qh4 26.Be4 g5 27.Ne2 Nf5 28.Qd2 g4 29.g3 Qh5
30.f4 Bg7 31.Bb2 Rfa7  1-0

[Event "NRW-Liga I 9596"]
[Site "Germany"]
[Date "1996.??.??"]
[Round "?"]
[White "Podzielny, Karl Heinz"]
[Black "Wisskirchen, Andreas"]
[Result "0-1"]
[WhiteElo "2460"]
[BlackElo "2290"]

1.d4 Nf6 2.Nf3 g6 3.c4 Bg7 4.Nc3 O-O 5.e4 d6 6.Be2 e5 7.O-O Nc6 8.d5 Ne7
9.Ne1 Nd7 10.f3 f5 11.g4 Kh8 12.Ng2 Ng8 13.h4 Bh6 14.g5 Bg7 15.exf5 Rxf5
16.Ne4 Ne7 17.Bd2 Rf7 18.Bc3 Nf5 19.b4 Qe7 20.Qd3 b6 21.Rae1 Bb7 22.Bd1 a5
23.bxa5 bxa5 24.Ba4 Nc5 25.Nxc5 dxc5 26.f4 Nd4 27.Bxd4 cxd4 28.fxe5 Rxf1+
29.Qxf1 Qb4 30.Bd7 Ba6 31.e6 Bxc4 32.Qf3 Rf8 33.Qe4 Qe7 34.Rc1 Bxa2 35.Nf4 Qa3
36.Re1 Qg3+ 37.Ng2 Rf2 38.Rd1 Bb3 39.e7 Rxg2+ 40.Qxg2 Qe3+ 41.Kh1 Qxe7 42.Rb1 a4
43.Be6 Qb4 44.Qe4 Qd6 45.Rf1 a3 46.Qf3 Bc4 47.Qf7 Qd8 48.Rc1 a2 49.Kg2 d3
50.d6 Qa8+ 51.Kh3 d2 52.Rg1 Bxe6+ 53.Qxe6 cxd6  0-1

[Event "BL9697 (Women)"]
[Site "Germany"]
[Date "1996.??.??"]
[Round "?"]
[White "Prudnikova, Svetlana"]
[Black "Kachiani Gersinska, Ketino"]
[Result "1-0"]
[WhiteElo "2385"]
[BlackElo "2390"]

1.d4 Nf6 2.c4 g6 3.Nc3 Bg7 4.e4 d6 5.Be2 O-O 6.Nf3 e5 7.O-O Nc6 8.d5 Ne7
9.b4 a5 10.Ba3 axb4 11.Bxb4 Nd7 12.a4 Nb8 13.c5 Na6 14.Bxa6 Rxa6 15.cxd6 cxd6
16.Nd2 f5 17.Nb5 fxe4 18.Nxe4 Rf4 19.f3 Nf5 20.Rf2 Bh6 21.g3 Ne3 22.Qd3 Rxe4
23.fxe4 Bh3 24.Bd2 Qb6 25.Ra2 Ra8 26.Nxd6 Bg5 27.Nc4 Qd4 28.Nxe5 Rxa4 29.Qxd4 Rxd4
30.Nf7 Nc4 31.Nxg5 Bg4 32.Ra8+ Kg7 33.Rf7+  1-0

[Event "BL9697 (Women)"]
[Site "Germany"]
[Date "1996.??.??"]
[Round "?"]
[White "Mai, Iris"]
[Black "Hund, Isabel"]
[Result "1/2-1/2"]
[WhiteElo "2185"]
[BlackElo "2085"]

1.d4 Nf6 2.c4 g6 3.Nc3 Bg7 4.e4 d6 5.Nf3 O-O 6.Be2 e5 7.O-O Nc6 8.Be3 a6
9.d5 Ne7 10.Nd2 h5 11.f3 h4 12.Qe1 h3 13.g4 Nh7 14.Qg3 f5 15.Qxh3 f4 16.Bf2 Kf7
17.Qg2 Rh8 18.Rfd1 Ng8 19.c5 Bf6 20.Rac1 Bh4 21.Bxh4 Qxh4 22.cxd6 cxd6 23.Nc4 Qd8
24.a4 Ng5 25.a5 Nf6 26.Kh1 Ne8 27.Nb6 Rb8 28.Nca4 Nh3 29.Bf1 Nf6 30.Nxc8 Rxc8
31.Nb6 Rc7 32.Qd2 Ne8 33.Rxc7+ Nxc7 34.Rc1 Ne8 35.Bxh3 Rxh3 36.Qg2 Rh7 37.Kg1 Kf8
38.Rc2 Qh4 39.Qf2 Qh3 40.Qg2 Qh4 41.Qf1 Nc7 42.Qf2 Qh3 43.Nc4 Nb5 44.Nd2 Nd4
45.Rc8+ Kg7 46.Rc7+ Kf6 47.Rxh7 Qxh7 48.h4 Qc7 49.g5+ Kg7 50.Kg2 Qxa5 51.Nf1 Qb5
52.Nh2 Ne2 53.Ng4 Qxb2 54.Nf6 Qb5 55.Qa7 Ng3 56.Kh3 Nh5 57.Nxh5+ gxh5 58.Qf2 Qc4
59.g6 Qc8+ 60.Kh2 Qd8 61.Kg1 Kxg6 62.Qg2+ Kh6 63.Qh3 Qe7 64.Kf1 a5 65.Qc8 Kg7
66.Ke2 a4 67.Kd3 b5 68.Qc6 a3 69.Qa6 a2 70.Qxa2 Qxh4 71.Qa7+ Kg6 72.Qb8 Qe7
73.Qg8+ Kh6 74.Qh8+ Kg5 75.Qg8+ Kh4 76.Qg2 Qa7 77.Qh2+ Kg5 78.Qg2+ Kh6 79.Qh3 Qe7
80.Kc3 h4 81.Kb4 Kh7 82.Kxb5 Qb7+ 83.Kc4 Qc7+ 84.Kb5  1/2-1/2

[Event "NRW-Liga I 9697"]
[Site "Germany"]
[Date "1996.??.??"]
[Round "1.1"]
[White "Wehmeier, Stefan"]
[Black "Borngaesser, Rene"]
[Result "1/2-1/2"]
[WhiteElo "2410"]
[BlackElo "2350"]

1.d4 g6 2.e4 d6 3.c4 Bg7 4.Nc3 Nf6 5.Nf3 O-O 6.Be2 e5 7.O-O Nc6 8.d5 Ne7
9.Be3 Ng4 10.Bg5 f6 11.Bh4 f5 12.Nd2 Nh6 13.f3 Nf7 14.Bf2 c5 15.dxc6 bxc6
16.b4 Ng5 17.Nb3 Ne6 18.Qd2 Qc7 19.c5 dxc5 20.Nxc5 Rd8 21.Qb2 Nxc5 22.Bxc5 Be6
23.Rac1 Nc8 24.Nd1 Nd6 25.exf5 Nxf5 26.Qa3 Qf7 27.Nc3 Bh6 28.Rcd1 Nd4 29.Bd3 Bf5
30.Qa6 Bc8 31.Qa5 Be6 32.Ne4 Bd5 33.Qa3 Nf5 34.Rfe1 Bg7 35.Bb1 h6 36.Qb2 Nd4
37.Qf2 a5 38.bxa5 Bf8 39.Bxd4 exd4 40.Qxd4 Bg7 41.Qc5 Qa7 42.Qxa7 Rxa7 43.Nc5 g5
44.Bf5 Rda8 45.a6 Bf8 46.Nd7 Rxa6 47.Be6+ Bxe6 48.Rxe6 Bg7 49.h4 gxh4 50.Kh2 Rxa2
51.Rxc6 R8a6 52.Rc8+ Kh7 53.Rc7 h5 54.Rd5 R2a5 55.Nc5 Kh6 56.f4 Rg6 57.Rd2 Bf8
58.Ne4 Rf5 59.Rdd7 Bg7 60.Ng5 Rxf4 61.Rxg7 Rxg7 62.Rxg7 Rg4  1/2-1/2

[Event "Bodensee-Cup"]
[Site "Germany"]
[Date "1996.??.??"]
[Round "3"]
[White "Siegel, Georg"]
[Black "Ekstroem, Roland"]
[Result "1/2-1/2"]
[WhiteElo "2455"]
[BlackElo "2415"]

1.d4 Nf6 2.c4 g6 3.Nc3 Bg7 4.e4 d6 5.Be2 O-O 6.Nf3 e5 7.O-O Nc6 8.d5 Ne7
9.b4 a5 10.bxa5 Rxa5 11.Nd2 Ra8 12.a4  1/2-1/2

[Event "Gleisdorf ch"]
[Site "Gleisdorf"]
[Date "1996.??.??"]
[Round "7"]
[White "Haeusl, P."]
[Black "Polz, W."]
[Result "1/2-1/2"]
[WhiteElo "1700"]
[BlackElo "2005"]

1.d4 Nf6 2.c4 g6 3.Nc3 Bg7 4.e4 O-O 5.Nf3 d6 6.Be2 e5 7.O-O Nc6 8.d5 Ne7
9.Ne1 Nd7 10.Nd3 f5 11.f3 Nf6 12.c5 f4 13.cxd6 cxd6 14.Bd2 g5 15.Qb3 Ne8
16.Nf2 h5 17.a4 Ng6 18.Nb5 a6 19.Na3 Kh8 20.Nc4 Rf7 21.Nb6 Rb8 22.Nxc8 Rxc8
23.Rac1 Rxc1 24.Rxc1 Rc7 25.Rxc7 Qxc7 26.Qc3 Qxc3 27.Bxc3 Bf6 28.Ba5 Nf8
29.b4 Nd7 30.b5 b6 31.bxa6 bxa5 32.Bb5 Nc7 33.Bxd7 Nxa6 34.Nd3 Bd8 35.Be8 h4
36.Kf1 Kg7 37.Ke2 Bb6 38.Kd2 Nc5 39.Nxc5 Bxc5 40.Kc3 Kf8 41.Bc6 Ke7 42.Kc4 g4
43.h3 g3 44.Kb5 Bb4 45.Kb6 Kd8 46.Kb7 Bc5 47.Bb5 Bb4 48.Kc6 Bc5 49.Ba6 Bb4  1/2-1/2

[Event "Graz op"]
[Site "Graz"]
[Date "1996.??.??"]
[Round "?"]
[White "Riemelmoser, Oliver"]
[Black "Mihevc, Narcisa"]
[Result "0-1"]
[WhiteElo "2260"]
[BlackElo "2250"]

1.Nf3 Nf6 2.c4 g6 3.Nc3 Bg7 4.d4 O-O 5.e4 d6 6.Be2 e5 7.O-O Nc6 8.d5 Ne7
9.Ne1 Nd7 10.Be3 f5 11.f3 f4 12.Bf2 h5 13.a4 Nf6 14.c5 g5 15.cxd6 cxd6 16.a5 g4
17.Nb5 gxf3 18.gxf3 Bh3 19.Ng2 a6 20.Bb6 Qe8 21.Nxd6 Qg6 22.Rf2 Nfxd5 23.Nf5 Bxf5
24.exf5 Qxf5 25.Bc4 e4 26.Rd2 Rad8 27.Bxd8 Rxd8 28.fxe4 Qxe4 29.Qb3 Bd4+
30.Kf1 f3 31.Ne3 Bxe3 32.Re1 Kh8 33.Bxd5 Nxd5 34.Rxd5 Rxd5 35.Qxe3 Qc4+ 36.Kf2 Qh4+
37.Kxf3 Qg4+  0-1